New realities for construction (Record no. 111614)

MARC details
000 -LEADER
fixed length control field 01161cad a22002175a 4500
001 - CONTROL NUMBER
control field L151775
008 - FIXED-LENGTH DATA ELEMENTS--GENERAL INFORMATION
fixed length control field 101209s2010 xxk f 000 0 eng d
035 ## - SYSTEM CONTROL NUMBER
System control number (Sirsi) u151775
041 0# - LANGUAGE CODE
Language code of text/sound track or separate title eng
050 04 - LIBRARY OF CONGRESS CALL NUMBER
Classification number 352.4941 $2 18
110 2# - MAIN ENTRY--CORPORATE NAME
Corporate name or jurisdiction name as entry element PriceWaterhouseCoopers
9 (RLIN) 3793
245 00 - TITLE STATEMENT
Title New realities for construction
Remainder of title the comprehensive spending review
Medium [electronic resource]
260 ## - PUBLICATION, DISTRIBUTION, ETC.
Place of publication, distribution, etc. [S.l.]
Name of publisher, distributor, etc. PwC
-- Pinsent Masons
Date of publication, distribution, etc. 2010
520 ## - SUMMARY, ETC.
Summary, etc. Examines the issues, opportunities and challenges of the construction industry in the UK; national infrastructure plan; need to work better with the public sector; PFI procurement; innovative construction methods to achieve greater efficiency; offsite manufacture; Building Information Modelling; integrate the supply chain; the growing importance of the global construction market; long and short term actions.
590 ## - LOCAL NOTE (RLIN)
Local note KA NTK
651 #4 - SUBJECT ADDED ENTRY--GEOGRAPHIC NAME
Geographic name United Kingdom
Chronological subdivision
690 ## - LOCAL SUBJECT ADDED ENTRY--TOPICAL TERM (OCLC, RLIN)
Topical term or geographic name as entry element MANAGEMENT-BUSINESS MANAGEMENT-FINANCIAL MANAGEMENT
710 1# - ADDED ENTRY--CORPORATE NAME
Corporate name or jurisdiction name as entry element Pinsent Masons
9 (RLIN) 5118
856 40 - ELECTRONIC LOCATION AND ACCESS
Uniform Resource Identifier <a href="https://www.pinsentmasons.com/pdf/NewRealitiesForConstruction.pdf">https://www.pinsentmasons.com/pdf/NewRealitiesForConstruction.pdf</a>
Public note View the website free of charge at www.pinsentmasons.com
942 ## - ADDED ENTRY ELEMENTS (KOHA)
Suppress in OPAC 0
Holdings
Withdrawn status Lost status Source of classification or shelving scheme Damaged status Not for loan Home library Current library Shelving location Date acquired Total Checkouts Full call number Barcode Date last seen Copy number Price effective from Koha item type
    Dewey Decimal Classification     Virtual Virtual Online 09/12/2010   ONLINE PUBLICATION 151775-1001 06/08/2019 1 06/08/2019 Book